000 00263nam a2200121Ia 4500
005 20251222154307.0
008 251222s9999||||xx |||||||||||||| ||spa||
020 _a84-7291-936-6
082 _a938/J39
100 _aJenofonte
245 0 _aAnĂ¡basis
942 _cLIB
999 _c33264
_d33264